[Event "LEM 2025 Brandenburg u18"]
[Site "Gnewikow"]
[Date "2025.04.12"]
[Round "1.3"]
[White "Hoffmann, Kay"]
[Black "Beyer, Lorenz"]
[Result "1/2-1/2"]
[EventDate "2025.04.12"]
[Time "09:30:00"]
[WhiteElo "2143"]
[BlackElo "2094"]
[WhiteNrv "2090"]
[BlackNrv "2024"]
[WhiteTwz "2143"]
[BlackTwz "2094"]
[WhiteTitle ""]
[BlackTitle ""]
[WhiteFideId "16227000"]
[BlackFideId "16245393"]
[WhiteNatFedId "10605621"]
[BlackNatFedId "10594869"]
[WhiteAttr "M"]
[BlackAttr "M"]
[WhiteTeam "Barnimer SF im SV Sta"]
[BlackTeam "Barnimer SF im SV Sta"]
[PlyCount "0"]

1. c4 e6 2. d4 d5 3. Nc3 dxc4 4. Nf3 Nf6 5. e4 Bb4 6. Bg5 c5 7. Bxc4 cxd4 8. Nxd4 Qa5 9. Bd2 O-O 10. Nc2 Bxc3 11. Bxc3 Qg5 12. Qe2 Qxg2 13. O-O-O Qxe4 14. Rhg1 g6 15. Ne3 e5 16. f4 Be6 17. Bd3 Qxf4 18. Rgf1 Qh4 19. Be1 Qa4 20. Rxf6 Nc6 21. Rxe6 Nd4 22. Qg4 Qxa2 23. Bxg6 hxg6 24. Rxg6+ fxg6 25. Qxg6+ Kh8 26. Qh5+ Kg8 1/2-1/2

[Event "LEM 2025 Brandenburg u18"]
[Site "Gnewikow"]
[Date "2025.04.12"]
[Round "1.4"]
[White "Beduschi, Ben"]
[Black "Studzinski, Bruno"]
[Result "1-0"]
[EventDate "2025.04.12"]
[Time "09:30:00"]
[WhiteElo "1986"]
[BlackElo "1753"]
[WhiteNrv "1937"]
[BlackNrv "1661"]
[WhiteTwz "1986"]
[BlackTwz "1753"]
[WhiteTitle ""]
[BlackTitle ""]
[WhiteFideId "16273443"]
[BlackFideId "16296478"]
[WhiteNatFedId "10715797"]
[BlackNatFedId "10672073"]
[WhiteAttr "M"]
[BlackAttr "M"]
[WhiteTeam "Barnimer SF im SV Sta"]
[BlackTeam "Barnimer SF im SV Sta"]
[PlyCount "0"]

1. d4 Nf6 2. Nf3 e6 3. e3 b6 4. Bd3 Bb7 5. Nbd2 Be7 6. O-O O-O 7. e4 d5 8. e5 Nfd7 9. Qe2 c5 10. c3 Nc6 11. a3 Qc7 12. h4 c4 13. Bc2 b5 14. g3 a5 15. Kg2 b4 16. Rh1 b3 17. Bxh7+ Kxh7 18. Ng5+ Kh6 19. Ndf3 Bxg5 20. hxg5+ Kg6 21. Nh4+ Kh7 22. Qh5+ Kg8 23. Nf5 f6 24. g6 1-0

[Event "LEM 2025 Brandenburg u18"]
[Site "Gnewikow"]
[Date "2025.04.12"]
[Round "2.3"]
[White "Beyer, Lorenz"]
[Black "Studzinski, Bruno"]
[Result "1-0"]
[EventDate "2025.04.12"]
[Time "15:00:00"]
[WhiteElo "2094"]
[BlackElo "1753"]
[WhiteNrv "2024"]
[BlackNrv "1661"]
[WhiteTwz "2094"]
[BlackTwz "1753"]
[WhiteTitle ""]
[BlackTitle ""]
[WhiteFideId "16245393"]
[BlackFideId "16296478"]
[WhiteNatFedId "10594869"]
[BlackNatFedId "10672073"]
[WhiteAttr "M"]
[BlackAttr "M"]
[WhiteTeam "Barnimer SF im SV Sta"]
[BlackTeam "Barnimer SF im SV Sta"]
[PlyCount "0"]

1. d4 Nf6 2. Bf4 e6 3. Nf3 b6 4. e3 Bb7 5. Nbd2 Be7 6. h3 O-O 7. Bd3 d5 8. O-O c5 9. c3 Nc6 10. a4 h6 11. Qe2 Bd6 12. Bxd6 Qxd6 13. e4 dxe4 14. Nxe4 Nxe4 15. Qxe4 g6 16. dxc5 Qxc5 17. Qh4 Kg7 18. Qg3 Rfd8 19. Rad1 Qd6 20. Qxd6 Rxd6 21. Ba6 Bxa6 22. Rxd6 Bxf1 23. Rxc6 Be2 24. Ne5 g5 25. Rc7 Bh5 26. Nc6 Bd1 27. a5 Ba4 28. axb6 axb6 29. Nd4 Kf6 30. Rb7 Ra6 31. f3 e5 32. Ne2 Bc6 33. Rb8 h5 34. Kf2 h4 35. Ke3 Kf5 36. c4 f6 37. Nc3 Ke6 38. b4 b5 39. cxb5 Ra3 40. Kd2 Bd7 41. Rb6+ Kf5 42. Rd6 Be6 43. Kc2 Rb3 44. Rxe6 Rxc3+ 45. Kxc3 Kxe6 46. b6 Kd6 47. b7 Kc7 48. Kc4 1-0

[Event "LEM 2025 Brandenburg u18"]
[Site "Gnewikow"]
[Date "2025.04.12"]
[Round "2.4"]
[White "Hoffmann, Kay"]
[Black "Beduschi, Ben"]
[Result "1/2-1/2"]
[EventDate "2025.04.12"]
[Time "15:00:00"]
[WhiteElo "2143"]
[BlackElo "1986"]
[WhiteNrv "2090"]
[BlackNrv "1937"]
[WhiteTwz "2143"]
[BlackTwz "1986"]
[WhiteTitle ""]
[BlackTitle ""]
[WhiteFideId "16227000"]
[BlackFideId "16273443"]
[WhiteNatFedId "10605621"]
[BlackNatFedId "10715797"]
[WhiteAttr "M"]
[BlackAttr "M"]
[WhiteTeam "Barnimer SF im SV Sta"]
[BlackTeam "Barnimer SF im SV Sta"]
[PlyCount "0"]

1. d4 d5 2. c4 e6 3. Nc3 Nf6 4. cxd5 exd5 5. Bg5 c6 6. e3 Be7 7. Bd3 Nbd7 8. Nge2 O-O 9. O-O Re8 10. Qc2 h6 11. Bf4 Nf8 12. Rab1 Bd6 13. Bxd6 Qxd6 14. Ng3 Be6 15. Na4 N8d7 16. Rfc1 Rac8 17. Nf5 Qf8 18. b4 g6 19. Nh4 b5 20. Nc5 Nxc5 21. Qxc5 Qxc5 22. Rxc5 Nd7 23. Rc3 Nb6 24. Ra3 Rc7 25. Nf3 Nc4 26. Bxc4 bxc4 27. Ra5 Bf5 28. Rb2 Rb8 29. Rc5 Rb5 30. Kf1 1/2-1/2

[Event "LEM 2025 Brandenburg u18"]
[Site "Gnewikow"]
[Date "2025.04.13"]
[Round "3.3"]
[White "Beduschi, Ben"]
[Black "Beyer, Lorenz"]
[Result "1/2-1/2"]
[EventDate "2025.04.12"]
[Time "08:45:00"]
[WhiteElo "1986"]
[BlackElo "2094"]
[WhiteNrv "1937"]
[BlackNrv "2024"]
[WhiteTwz "1986"]
[BlackTwz "2094"]
[WhiteTitle ""]
[BlackTitle ""]
[WhiteFideId "16273443"]
[BlackFideId "16245393"]
[WhiteNatFedId "10715797"]
[BlackNatFedId "10594869"]
[WhiteAttr "M"]
[BlackAttr "M"]
[WhiteTeam "Barnimer SF im SV Sta"]
[BlackTeam "Barnimer SF im SV Sta"]
[PlyCount "0"]

1. e4 e5 2. Nf3 Nf6 3. Nxe5 d6 4. Nf3 Nxe4 5. Nc3 Nxc3 6. dxc3 Be7 7. Bd3 Nd7 8. Be3 c6 9. Qd2 d5 10. O-O-O O-O 11. h4 Nc5 12. Ng5 h6 13. Bh7+ Kh8 14. Bd3 Kg8 15. Bh7+ Kh8 16. Bd3 Kg8 17. c4 hxg5 18. hxg5 f5 19. gxf6 Rxf6 20. Bh7+ Kf8 21. Bg6 Kg8 22. Bh7+ Kf8 23. Bg6 1/2-1/2

[Event "LEM 2025 Brandenburg u18"]
[Site "Gnewikow"]
[Date "2025.04.13"]
[Round "3.4"]
[White "Studzinski, Bruno"]
[Black "Hoffmann, Kay"]
[Result "0-1"]
[EventDate "2025.04.12"]
[Time "08:45:00"]
[WhiteElo "1753"]
[BlackElo "2143"]
[WhiteNrv "1661"]
[BlackNrv "2090"]
[WhiteTwz "1753"]
[BlackTwz "2143"]
[WhiteTitle ""]
[BlackTitle ""]
[WhiteFideId "16296478"]
[BlackFideId "16227000"]
[WhiteNatFedId "10672073"]
[BlackNatFedId "10605621"]
[WhiteAttr "M"]
[BlackAttr "M"]
[WhiteTeam "Barnimer SF im SV Sta"]
[BlackTeam "Barnimer SF im SV Sta"]
[PlyCount "0"]

1. d4 Nf6 2. Bf4 g6 3. e3 d6 4. Nf3 Bg7 5. c3 O-O 6. h3 Nbd7 7. Be2 b6 8. Nbd2 Bb7 9. O-O a5 10. a4 Qe8 11. Qc2 Kh8 12. Bh2 e5 13. dxe5 Nxe5 14. Bb5 Qe7 15. Rfd1 Nfd7 16. Nxe5 Nxe5 17. e4 f5 18. f4 Nd7 19. exf5 gxf5 20. Re1 Qf7 21. Re2 Nc5 22. Rae1 Qg6 23. b4 Ne4 24. Nxe4 fxe4 25. Bd7 Rad8 26. Bb5 d5 27. Rd2 c6 28. Bf1 c5 29. bxc5 bxc5 30. Rb1 Bc8 31. g4 h5 32. g5 Bf5 33. Rb7 e3 34. Bd3 exd2 35. Bxf5 Qxf5 0-1

[Event "LEM 2025 Brandenburg u18"]
[Site "Gnewikow"]
[Date "2025.04.13"]
[Round "4.2"]
[White "Oldenburg, Max Leonard"]
[Black "Studzinski, Bruno"]
[Result "1/2-1/2"]
[EventDate "2025.04.12"]
[Time "14:30:00"]
[WhiteElo "1759"]
[BlackElo "1753"]
[WhiteNrv "1719"]
[BlackNrv "1661"]
[WhiteTwz "1759"]
[BlackTwz "1753"]
[WhiteTitle ""]
[BlackTitle ""]
[WhiteFideId "34660348"]
[BlackFideId "16296478"]
[WhiteNatFedId "10635815"]
[BlackNatFedId "10672073"]
[WhiteAttr "M"]
[BlackAttr "M"]
[WhiteTeam "SPV Senftenberg"]
[BlackTeam "Barnimer SF im SV Sta"]
[PlyCount "0"]

1. Nf3 Nf6 2. g3 e6 3. Bg2 d5 4. O-O Be7 5. d4 O-O 6. c4 c6 7. Bg5 b6 8. Nc3 Bb7 9. cxd5 exd5 10. e3 Nbd7 11. Rc1 Rc8 12. Re1 h6 13. Bxf6 Nxf6 14. a3 Re8 15. b4 Bd6 16. Qb3 Qd7 17. Red1 c5 18. dxc5 bxc5 19. bxc5 Bxc5 20. Nd4 Ne4 21. Ndb5 Qf5 22. Nxe4 dxe4 23. Rxc5 Rxc5 24. Nd6 Bd5 25. Rxd5 Qxd5 26. Qxd5 Rxd5 27. Nxe8 Rd1+ 28. Bf1 Ra1 29. Nc7 Rxa3 30. Na6 Kf8 31. Nc5 Ra1 32. Nxe4 a5 33. Kg2 a4 34. Nc3 a3 35. Bd3 a2 36. Nxa2 Rxa2 37. h4 Ke7 38. Kf3 Rd2 39. Be2 g5 40. hxg5 hxg5 41. e4 f6 42. Ke3 1/2-1/2

[Event "LEM 2025 Brandenburg u18"]
[Site "Gnewikow"]
[Date "2025.04.13"]
[Round "4.4"]
[White "Andresen, Eric"]
[Black "Beyer, Lorenz"]
[Result "0-1"]
[EventDate "2025.04.12"]
[Time "14:30:00"]
[WhiteElo "1888"]
[BlackElo "2094"]
[WhiteNrv "1834"]
[BlackNrv "2024"]
[WhiteTwz "1888"]
[BlackTwz "2094"]
[WhiteTitle ""]
[BlackTitle ""]
[WhiteFideId "34641360"]
[BlackFideId "16245393"]
[WhiteNatFedId "10696451"]
[BlackNatFedId "10594869"]
[WhiteAttr "M"]
[BlackAttr "M"]
[WhiteTeam "SV Babelsberg 03 e.V."]
[BlackTeam "Barnimer SF im SV Sta"]
[PlyCount "0"]

1. d4 d5 2. c4 e6 3. Nf3 Nf6 4. g3 Be7 5. Bg2 Ne4 6. Nfd2 f5 7. Nxe4 fxe4 8. O-O O-O 9. f3 exf3 10. Bxf3 c6 11. e3 Nd7 12. Nc3 dxc4 13. a4 a5 14. Qe2 Nb6 15. Ne4 e5 16. Rd1 Qc7 17. Bd2 Be6 18. Bc3 Nd5 19. Bg2 Kh8 20. Qxc4 Nf4 21. d5 Bxd5 22. Rxd5 Nxd5 23. Qe2 Nxc3 24. Nxc3 Rad8 25. Rd1 Qb6 26. Rxd8 Rxd8 27. Be4 Bg5 28. Nd1 Rxd1+ 0-1

[Event "LEM 2025 Brandenburg u18"]
[Site "Gnewikow"]
[Date "2025.04.14"]
[Round "5.2"]
[White "Beduschi, Ben"]
[Black "Oldenburg, Max Leonard"]
[Result "1-0"]
[EventDate "2025.04.12"]
[Time "08:45:00"]
[WhiteElo "1986"]
[BlackElo "1759"]
[WhiteNrv "1937"]
[BlackNrv "1719"]
[WhiteTwz "1986"]
[BlackTwz "1759"]
[WhiteTitle ""]
[BlackTitle ""]
[WhiteFideId "16273443"]
[BlackFideId "34660348"]
[WhiteNatFedId "10715797"]
[BlackNatFedId "10635815"]
[WhiteAttr "M"]
[BlackAttr "M"]
[WhiteTeam "Barnimer SF im SV Sta"]
[BlackTeam "SPV Senftenberg"]
[PlyCount "0"]

1. d4 Nf6 2. Nf3 d5 3. c3 c5 4. dxc5 e6 5. Be3 Ne4 6. b4 a5 7. Qb3 axb4 8. cxb4 Nc6 9. Nbd2 Nxd2 10. Bxd2 Be7 11. e3 O-O 12. Be2 Bf6 13. Bc3 b6 14. cxb6 Bxc3+ 15. Qxc3 Qxb6 16. O-O Ba6 17. b5 Bxb5 18. Rfb1 Ra5 19. a4 1-0

[Event "LEM 2025 Brandenburg u18"]
[Site "Gnewikow"]
[Date "2025.04.14"]
[Round "5.4"]
[White "Hoffmann, Kay"]
[Black "Andresen, Eric"]
[Result "1/2-1/2"]
[EventDate "2025.04.12"]
[Time "08:45:00"]
[WhiteElo "2143"]
[BlackElo "1888"]
[WhiteNrv "2090"]
[BlackNrv "1834"]
[WhiteTwz "2143"]
[BlackTwz "1888"]
[WhiteTitle ""]
[BlackTitle ""]
[WhiteFideId "16227000"]
[BlackFideId "34641360"]
[WhiteNatFedId "10605621"]
[BlackNatFedId "10696451"]
[WhiteAttr "M"]
[BlackAttr "M"]
[WhiteTeam "Barnimer SF im SV Sta"]
[BlackTeam "SV Babelsberg 03 e.V."]
[PlyCount "0"]

1. d4 Nf6 2. Nc3 d5 3. Bf4 c5 4. e3 cxd4 5. exd4 a6 6. Nf3 Nc6 7. a3 Bg4 8. Be2 e6 9. Na4 Ne4 10. h3 Bh5 11. Be3 Qa5+ 12. c3 Qc7 13. Nc5 Bxc5 14. dxc5 O-O 15. Rc1 Rfd8 16. O-O Ne7 17. b4 Rac8 18. Qb3 Nf5 19. Qb2 Nxe3 20. fxe3 Ng3 21. Rfe1 e5 22. Bd1 Qe7 23. Qf2 Ne4 24. Qh4 Qxh4 25. Nxh4 Bxd1 26. Rexd1 g6 27. Nf3 f6 28. Rd3 Kf7 29. Rcd1 b6 30. cxb6 Nxc3 31. b7 Rc7 32. R1d2 e4 33. Rxc3 Rxc3 34. Rxd5 Rb8 35. Nd2 Rc1+ 36. Kh2 Rxb7 37. Nxe4 Re7 38. Nc5 Rxe3 39. Nxa6 Rxa3 40. b5 Ke6 41. Rd8 Ra5 42. Rb8 Rb1 43. Rb6+ Ke7 44. Rb7+ Ke6 45. Rb6+ Ke5 46. Nc7 Rc1 47. Na6 Ra2 48. Nb4 Rd2 49. Rb7 Rb1 50. Nc6+ Kf5 51. Rxh7 Rxb5 52. Rh4 Rbb2 53. Nd4+ Ke5 54. Nf3+ Kf5 55. Nxd2 Rxd2 56. Ra4 g5 57. Ra3 Rb2 58. Kg3 Rb4 59. Kf3 Rf4+ 60. Ke3 Re4+ 1/2-1/2

[Event "LEM 2025 Brandenburg u18"]
[Site "Gnewikow"]
[Date "2025.04.14"]
[Round "6.2"]
[White "Oldenburg, Max Leonard"]
[Black "Beyer, Lorenz"]
[Result "0-1"]
[EventDate "2025.04.12"]
[Time "14:30:00"]
[WhiteElo "1759"]
[BlackElo "2094"]
[WhiteNrv "1719"]
[BlackNrv "2024"]
[WhiteTwz "1759"]
[BlackTwz "2094"]
[WhiteTitle ""]
[BlackTitle ""]
[WhiteFideId "34660348"]
[BlackFideId "16245393"]
[WhiteNatFedId "10635815"]
[BlackNatFedId "10594869"]
[WhiteAttr "M"]
[BlackAttr "M"]
[WhiteTeam "SPV Senftenberg"]
[BlackTeam "Barnimer SF im SV Sta"]
[PlyCount "0"]

1. c4 e6 2. Nf3 d5 3. cxd5 exd5 4. d4 Nf6 5. Bg5 Be7 6. e3 c6 7. Qc2 O-O 8. Bd3 h6 9. Bf4 a5 10. Nbd2 Na6 11. a3 Nc7 12. h3 Nce8 13. O-O a4 14. Ne5 Nd6 15. Bh2 Bd7 16. f3 Re8 17. e4 Qb6 18. Qc3 Nb5 19. Bxb5 Qxb5 20. Nd3 Bd8 21. e5 Ba5 22. Nb4 Nh7 23. f4 b6 24. Qc2 Bxb4 25. axb4 Qxb4 26. Nf3 c5 27. Ra3 Rac8 28. Qd3 Bb5 29. Qf5 Bxf1 30. Kxf1 Qxb2 31. Rd3 Qb1+ 0-1

[Event "LEM 2025 Brandenburg u18"]
[Site "Gnewikow"]
[Date "2025.04.14"]
[Round "6.4"]
[White "Andresen, Eric"]
[Black "Studzinski, Bruno"]
[Result "1-0"]
[EventDate "2025.04.12"]
[Time "14:30:00"]
[WhiteElo "1888"]
[BlackElo "1753"]
[WhiteNrv "1834"]
[BlackNrv "1661"]
[WhiteTwz "1888"]
[BlackTwz "1753"]
[WhiteTitle ""]
[BlackTitle ""]
[WhiteFideId "34641360"]
[BlackFideId "16296478"]
[WhiteNatFedId "10696451"]
[BlackNatFedId "10672073"]
[WhiteAttr "M"]
[BlackAttr "M"]
[WhiteTeam "SV Babelsberg 03 e.V."]
[BlackTeam "Barnimer SF im SV Sta"]
[PlyCount "0"]

1. Nf3 Nf6 2. d4 e6 3. g3 d5 4. Bg2 Be7 5. O-O O-O 6. c4 c6 7. Nc3 b6 8. b3 Bb7 9. Bb2 Nbd7 10. Qd3 c5 11. cxd5 Nxd5 12. e4 Nxc3 13. Bxc3 cxd4 14. Qxd4 Nf6 15. e5 Nd5 16. Bd2 Qd7 17. Rad1 Rfd8 18. Rfe1 Rac8 19. Qg4 Rc2 20. Bh6 g6 21. Rd2 Rdc8 22. h4 Bf8 23. Bxf8 Kxf8 24. h5 Rxd2 25. Nxd2 Ne3 26. Qb4+ Kg8 27. Rxe3 Bxg2 28. Kxg2 a5 29. Qd6 1-0

[Event "LEM 2025 Brandenburg u18"]
[Site "Gnewikow"]
[Date "2025.04.15"]
[Round "7.2"]
[White "Hoffmann, Kay"]
[Black "Oldenburg, Max Leonard"]
[Result "1-0"]
[EventDate "2025.04.12"]
[Time "09:30:00"]
[WhiteElo "2143"]
[BlackElo "1759"]
[WhiteNrv "2090"]
[BlackNrv "1719"]
[WhiteTwz "2143"]
[BlackTwz "1759"]
[WhiteTitle ""]
[BlackTitle ""]
[WhiteFideId "16227000"]
[BlackFideId "34660348"]
[WhiteNatFedId "10605621"]
[BlackNatFedId "10635815"]
[WhiteAttr "M"]
[BlackAttr "M"]
[WhiteTeam "Barnimer SF im SV Sta"]
[BlackTeam "SPV Senftenberg"]
[PlyCount "0"]

1. d4 Nf6 2. c4 e6 3. Nf3 d5 4. g3 Be7 5. Bg2 O-O 6. O-O c6 7. b3 Nbd7 8. Qc2 b6 9. Nbd2 Bb7 10. e4 dxe4 11. Nxe4 Nxe4 12. Qxe4 Nf6 13. Qe2 Qc7 14. Bf4 Bd6 15. Ne5 Nd7 16. Rfd1 Rfe8 17. c5 bxc5 18. Nxd7 Bxf4 19. gxf4 Qxd7 20. dxc5 Qc7 21. Qe5 Rac8 22. Rd6 Ba8 23. Rad1 Qa5 24. R1d2 h6 25. Rd7 Rcd8 26. Rxd8 Rxd8 27. b4 1-0

[Event "LEM 2025 Brandenburg u18"]
[Site "Gnewikow"]
[Date "2025.04.15"]
[Round "7.4"]
[White "Beduschi, Ben"]
[Black "Andresen, Eric"]
[Result "0-1"]
[EventDate "2025.04.12"]
[Time "09:30:00"]
[WhiteElo "1986"]
[BlackElo "1888"]
[WhiteNrv "1937"]
[BlackNrv "1834"]
[WhiteTwz "1986"]
[BlackTwz "1888"]
[WhiteTitle ""]
[BlackTitle ""]
[WhiteFideId "16273443"]
[BlackFideId "34641360"]
[WhiteNatFedId "10715797"]
[BlackNatFedId "10696451"]
[WhiteAttr "M"]
[BlackAttr "M"]
[WhiteTeam "Barnimer SF im SV Sta"]
[BlackTeam "SV Babelsberg 03 e.V."]
[PlyCount "0"]

1. d4 Nf6 2. Nf3 d5 3. c3 c5 4. dxc5 e6 5. b4 a5 6. e3 axb4 7. cxb4 b6 8. Bb5+ Bd7 9. Bxd7+ Nbxd7 10. a4 bxc5 11. b5 Bd6 12. O-O Qc7 13. Bb2 g5 14. Nxg5 Bxh2+ 15. Kh1 Be5 16. Nc3 Rg8 17. f4 Bxc3 18. Bxc3 h6 19. Nh3 Ne4 20. Be1 Ndf6 21. a5 Ng3+ 22. Bxg3 Rxg3 23. Qa4 Qb7 24. b6+ Ke7 25. Rf3 Rxf3 26. gxf3 d4 27. Ng1 dxe3 28. Qc4 Nd7 29. Qb5 Ke8 30. Rb1 Ra6 31. f5 Ke7 32. fxe6 fxe6 33. Kg2 Ra8 34. Kf1 Qa6 35. Ke2 Qxa5 36. b7 Qxb5+ 37. Rxb5 Rb8 38. Kxe3 Kd6 39. Ra5 Rxb7 40. Ne2 Rb3+ 41. Kf4 c4 42. Ra6+ Kd5 43. Nc1 Rb2 44. Na2 Nc5 45. Ra8 Nd3+ 46. Ke3 Rb3 47. Kd2 Nf4 48. Nc3+ Kd4 49. Rd8+ Nd5 50. Ne2+ Ke5 51. Rc8 Ra3 52. Ke1 c3 53. f4+ Nxf4 54. Nxc3 h5 55. Kf2 h4 56. Nb5 Ke4 57. Rc4+ Kf5 58. Rc8 Ra2+ 59. Kf3 Ra7 60. Kf2 h3 61. Rf8+ Kg5 62. Rg8+ Kf5 63. Rf8+ Ke5 64. Nc7 Ra2+ 65. Kg3 Rg2+ 66. Kf3 Ng6 67. Re8 Nh4+ 68. Ke3 h2 69. Nxe6 Kd6 0-1